Responses for show #3792 - Tuesday, February 13, 2001

2001 International Championship semifinal game 2.
From the Las Vegas Hilton.

Contestants

[<< previous game]

Ott Sandrak, a municipal civil servant from Harjumaa, Estonia

Firat Isbecer, a university student from Istanbul, Turkey

Robin Carroll, an instructional designer from Marietta, Georgia (USA)

[next game >>]

Jeopardy! Round responses

SIEGFRIEDS & ROYS
HISTORY
MUSEUMS
HEALTH & MEDICINE
POTPOURRI
SPEAKING ESPERANTO
    $100 22
Swan

Robin
    $100 7
Bastille

Robin
    $100 1
The Prado

Robin
    $100 11
Liver

Robin
    $100 29
Cambridge

Robin
    $100 16
Adjectives

Robin
    $200 23
Roy Orbison

Robin
    $200 6
Erwin Rommel

Robin
    $200 2
John Lennon

Robin
    $200 12
Eardrum

Robin
    $200 18
White

Robin
    $200 17
Tie

Firat
    $300 24
(Alex: Ott, with a voice like yours, you should be singing Wagner!)

Richard Wagner

Ott
    $300 8
Machu Picchu

Robin
    $300 3
Hamburg

Ott
    $300 13
Hernia

Robin
    $300 27
Garlic

Robin
    $300 19
200

Robin
    $400 25
Roy Rogers

Robin
    $400 9
(R: Who was Juliana?)

Wilhelmina

Robin
Triple Stumper
    $400 4
(Alex: Ott, I love your voice!)
(Ott: Thanks!)

Thailand

Ott
    $400 14
rickets

Robin
    $400 28
Arabic

Firat
    $400 20
Forest/woods

Robin
    $500 26
Rob Roy

Ott
    $500 10
Suleiman

Robin
    $500 5
Musee d'Orsay

Firat
    $500 15
(Alex: Robin, well done! Hate to slow you down, but we have to take a break.)

Dyslexia

Robin
    $500 30
Edvard Grieg

Triple Stumper
    $700 21
Hopes

Robin

Scores at the first commercial break (after clue 15):

Robin Firat Ott
$2,500 $500 $700

Scores at the end of the Jeopardy! Round:

Robin Firat Ott
$5,300 $1,100 $1,500

Double Jeopardy! Round responses

THE VENETIAN
DIVA LAS VEGAS!
MYTHS & LEGENDS
THE INTERNATIONAL LANGUAGE OF MATH
NOTABLE NAMES
WORLD GEOGRAPHY
    $200 26
Marco Polo

Firat
    $200 21
Barbra Streisand

Robin
    $200 27
Hercules

Robin
    $200 28
Center

Robin
    $200 2
Mahatma Gandhi

Robin
    $200 4
Loch Ness

Robin
    $400 17
Doges

Robin
    $400 22
Aretha Franklin

Robin
    $400 13
Sinbad

Firat
    $400 1
Prime

Robin
    $400 3
Anne Frank

Firat
    $400 8
Volga

Firat
    $1,000 18
Giacomo Casanova

Robin
    $600 23
Cher

Robin
    $600 14
Beowulf

Robin
    $600 9
8

Firat
    $600 5
Emperor Hirohito

Robin
    $600 10
(R: What is Belize?)

El Salvador

RobinOtt
    $800 19
Canaletto

Ott
    $800 24
(less than a minute to go...)

Diana Ross

Robin
    $800 15
Valhalla

Robin
    $800 29
(buzzer sounds)

Pi

Firat
    $800 6
Che Guevara

Ott
    $800 11
(O: What is Mauritius?)

Reunion

Ott
Triple Stumper
    $1000 20
Antonio Vivaldi

Robin
    $1,100 25
Tina Turner

Robin
    $1000 16
(R: Who is Vishnu?)

Shiva

RobinOtt
    $1000 7
Soren Kierkegaard

Robin
    $1000 12
St. Gotthard Pass

Triple Stumper

Scores at the end of the Double Jeopardy! Round:

Robin Firat Ott
$13,400 $3,900 $3,900
(lock game)

[wagering suggestions for these scores]

Final Jeopardy! Round responses

FRENCH NOVELISTS
(Alex: That's something they all know something about!)
OttWho is
$3,889
FiratWho is ?
$3,899
RobinWho is Proust?
$1,600
Marcel Proust ("Remembrance of Things Past")

Final scores:

Robin Firat Ott
$15,000 $1 $11
Finalist 3rd place: $5,000 2nd place: $5,000

Game dynamics:

Coryat scores:

Robin Firat Ott
$12,700 $3,900 $3,900
38 R
(including 3 DDs),
3 W
9 R,
0 W
8 R,
1 W

Combined Coryat: $20,500

The J! Archive is created by fans, for fans. The Jeopardy! game show and all elements thereof, including but not limited to copyright and trademark thereto, are the property of Jeopardy Productions, Inc. and are protected under law. This website is not affiliated with, sponsored by, or operated by Jeopardy Productions, Inc. Join the discussion at JBoard.tv.